000 00333 a2200157 4500
001 192868
020 _a978-85-368-0285-5
040 _cMagnum
100 _aShelley, Mary
240 1 0 _aFrankenstein
_lpor
245 1 0 _aFrankenstein
300 _a111
362 0 _a2007
697 _aLITERATURA JUVENIL ESTRANGEIRA
942 _cBK
999 _c192868
_d192868